| 000 | 01265nam a22003855a 4500 | ||
|---|---|---|---|
| 001 | 60483 | ||
| 003 | CO-BoRNBP | ||
| 005 | 20260216153936.0 | ||
| 007 | t | ||
| 008 | 220127s2021 sp o gr 000 f spa d | ||
| 020 | _a9788469890189 | ||
| 040 |
_aCO-BoBLA _bspa _dCO-BoBLA _erda _c0 |
||
| 041 |
_aspa _hfre |
||
| 043 | _ae-fr--- | ||
| 082 | 0 | 4 |
_a843.8 _bL31a14 _221 ed. |
| 084 | _aN LEB | ||
| 100 | 1 |
_aLeblanc, Maurice, _d1864-1941. _968794 |
|
| 245 | 1 | 3 |
_aArséne Lupin. La aguja hueca / _cMaurice Leblanc ; fotografías de Emmanuel Guimier ; traducción Sara Bueno Carrero. |
| 250 | _a1a. edición | ||
| 264 |
_aMadrid : _bGrupo Anaya, _c2021. |
||
| 300 |
_a280 páginas : _bfotografías ; _c22 cm. |
||
| 336 |
_atext _btxt _2rdacontent |
||
| 337 |
_aunmediated _bn _2rdamedia |
||
| 338 |
_avolume _bnc _2rdacarrier |
||
| 534 | _tArséne Lupin. L´aiguille creuse. | ||
| 650 | 7 |
_aDetectives _v Novela. _2BLAAUTO _9271 |
|
| 650 | 7 |
_aLadrones _v Novela. _2BLAAUTO _965708 |
|
| 650 | 7 |
_aNovela francesa. _2BLAAUTO _92629 |
|
| 650 | 7 |
_aNovela policíaca. _2BLAAUTO _914732 |
|
| 700 | 1 |
_aBueno Carrero, Sara, _etraducción. _91836 |
|
| 700 | 1 |
_aGuimier, Emmanuel, _efotografías. _968795 |
|
| 942 |
_2ddc _cBK |
||
| 949 |
_an _bn |
||
| 960 | _aNormalizados-2025 | ||
| 999 |
_c60483 _d60483 |
||